000 01451nam0a2200349 i 4500
001 RU\NLR\bibl\2045845
005 20260406155823.0
010 _a9785399002460
_95000
021 _aRU
_b2013-41633
_92876
035 _a(NLR Aleph) 002033017
090 _a4559638
_c4559638
100 _a20130621d2013 u y0rusy50 ca
101 1 _arus
_ceng
102 _aRU
105 _aa |||||||||
200 1 _aДаосские практики улучшения зрения
_fМантэк Чиа
_g[пер. с англ. Л. Милевской]
210 _aМосква
_cСофия
_d2013
215 _a252, [1] с.
_cил.
_d20
300 _aНа доп. тит. л. загл. и авт. также на англ. яз.: The art of cocmic vision / Мantak Chia
300 _aВ вып. дан. авт.: Мантэк Чиа, Роберт Т. Левански
513 0 _6z22790
_aThe art of cocmic vision
606 1 _aЗрение
_xГигиена
_91414507
_3RU\NLR\auth\66284718
606 _aЗрение
_xРасстройства
_xТерапия методами китайской медицины
_92114702
_3RU\NLR\auth\661581174
686 _aР670.2-5
686 _aР120.43
700 1 _4070
_8rus
_7ca
_aЧиа
_bМ.
_f1944-
_gМантэк
_3RU\NLR\auth\777960
_9117882
790 1 _6z22513
_aChia
_bМ.
_f1944-
_gМantak
_4070
801 0 _aRU
_bNLR
_c20130621
_gRCR
801 1 _aRU
_bNLR
_c20130621
942 _cBOOK
980 _aNBR